000
00286nam a2200109Ia 4500
008
190912s9999||||xx |||||||||||||| ||und||
100
_a
R. Glenn Hubbard
245
0
_a
Money, the Financial System, and the Economy
260
_a
USA
_b
Prentice Hall Inc.
_c
1996
300
_a
759
942
_c
BK
999
_c
7736
_d
7736